| 000 | 00416nam a22001217a 4500 | ||
|---|---|---|---|
| 082 | _aPRO 220 | ||
| 100 |
_aNaveed Akhter Shahzaib Farooq Anas Abdullah Qazi Umer Jamil _970756 |
||
| 245 | _aPR-SOF-1508-BCI Controlled Robotic Gait Trainer | ||
| 260 |
_aISLAMABAD _bNUST COLLEGE OF EME _c2016 |
||
| 650 |
_a DE-MTS-34 _970757 |
||
| 700 |
_aSUPEERVISOR Dr. Mohsin Tiwana Malik Asst. Prof. Nida Aziz _970758 |
||
| 942 | _cCR | ||
| 999 |
_c577645 _d577645 |
||